Biblioteka Instytutu Północnego w Olsztynie

Bigos myśliwski / (Rekord nr 27408)

Szczegóły MARC
000 -Nagłówek
fixed length control field 01526cam a2200421 i 4500
001 - Nr kontrolny bibl., która utworzyła rek.
control field zz2003970027
003 - Siglum bibl., której nr kontr. jest w 001
control field NUKAT
005 - Data i czas ostatniej operacji
control field 20260401121444.0
008 - Elementy pola stałej długości
fixed length control field 030704s1995 pl a g |000 1 pol c
020 ## - ISBN
ISBN 8390108674
dopowiedzenie (oprawa twarda)
035 ## - Systemowy numer kontrolny
systemowy numer kontrolny (OCoLC)1412896782
035 ## - Systemowy numer kontrolny
systemowy numer kontrolny (NUKAT)zz2003970027
040 ## - Instytucja sporządzająca opis
Instytucja, która sporządziła opis TOR U/EC
język katalgowania-trzyzn. kod pol
zasady opisu rda
Instytucja, która sporządziła rekord TOR U/EC
Instytucja, która zmodyfikowała rekord TOR U/AP
-- TOR U/an7s
-- OLSZT 008/bak
099 ## - Dowolny opis lokalny sygnatury
symbol klasyfikacji hh_342830
245 00 - Tytuł właściwy i oznaczenie odpow.
tytuł Bigos myśliwski /
dod. inf. ze s. tyt./ozn. odpow. zebrał Bronisław Sałuda.
260 ## - Adres wydawniczy
miejsce wydania, dystrybucji itp. Olsztyn :
nazwa wydawcy, dystrybutora itp. Agencja Fotograficzno-Wydawnicza "Mazury",
data wydania, dystrybucji itp. 1995.
300 ## - Opis fizyczny
objętość i/lub forma materiału 238, [2] strony :
inne szczegóły opisu fizycznego ilustracje ;
format 22 cm.
336 ## - Content Type
Term Tekst
Code txt
Source rdacontent
337 ## - Media Type
Term Bez urządzenia pośredniczącego
Code n
Source rdamedia
338 ## - Carrier Type
Term Wolumin
Code nc
Source rdacarrier
380 ## - Form of work
Form of work Książki
380 ## - Form of work
Form of work Proza
386 ## - Creator/Contributor Characteristics
Demographic group term Przynależność kulturowa
Creator/contributor term Literatura polska
504 ## - Uwaga o bibliografii
uwaga o bibliografii Bibliografia na stronach 237-238.
650 #7 - Hasło przedmiotowe-nazwa pospolita
nazwa pospolita lub geogr. Łowiectwo
źródło hasła DBN
9 (RLIN) 39390
650 #7 - Hasło przedmiotowe-nazwa pospolita
nazwa pospolita lub geogr. Zwierzęta
określnik rzeczowy w literaturze.
źródło hasła kaba
9 (RLIN) 39391
650 #7 - Hasło przedmiotowe-nazwa pospolita
nazwa pospolita lub geogr. Polowanie
określnik rzeczowy w literaturze.
źródło hasła kaba
9 (RLIN) 39392
650 #7 - Hasło przedmiotowe-nazwa pospolita
nazwa pospolita lub geogr. Polowanie
określnik rzeczowy cytaty.
źródło hasła kaba
9 (RLIN) 39393
655 #7 - Termin określający rodzaj/formę
rodzaj/forma Anegdoty
źródło terminu DBN
9 (RLIN) 37913
655 #7 - Termin określający rodzaj/formę
rodzaj/forma Antologia
źródło terminu DBN
9 (RLIN) 34961
655 #7 - Termin określający rodzaj/formę
rodzaj/forma Legendy i podania
źródło terminu DBN
9 (RLIN) 36217
655 #7 - Termin określający rodzaj/formę
rodzaj/forma Przysłowia
źródło terminu DBN
9 (RLIN) 37914
655 #7 - Termin określający rodzaj/formę
rodzaj/forma Satyra
źródło terminu DBN
9 (RLIN) 34990
700 1# - Hasło dodatkowe - nazwa osobowa
nazwa osobowa Sałuda, Bronisław
daty biograficzne (1927-2019).
rodzaj współpracy Opracowanie
-- Wybór
9 (RLIN) 31561
710 2# - Hasło dodatkowe - nazwa ciała zbior.
nazwa ciała zbior. lub nazwa geogr. Agencja Fotograficzno-Wydawnicza "Mazury".
rodzaj współpracy Wydawca
kod rodzaju współpracy pbl
9 (RLIN) 13040
920 ## - ISBN
ISBN 83-901086-7-4 (oprawa twarda)
942 ## - ADDED ENTRY ELEMENTS (KOHA)
Source of classification or shelving scheme Dewey Decimal Classification
Koha item type pozycje dostępne na miejscu
Egzemplarze
Status wycofania Status zagubienia Klasyfikacja Status uszkodzenia Blokada wypożyczeń Kolekcja Lokalizacja macierzysta Lokalizacja bieżąca Data nabycia Numer akcesji Źródło akcesji Cena Nr inwentarzowy il. wypożyczeń Sygnatura Kod kreskowy Date last seen Price effective from Typ egz.
    Dewey Decimal Classification nieuszkodzona   książka w magazynie Biblioteka Instytutu Północnego w Olsztynie Biblioteka Instytutu Północnego w Olsztynie 08/11/2019 D-36/2019 dar 20.00 59825   59825 IPWK21524 01/04/2026 01/04/2026 pozycje dostępne na miejscu
Biblioteka Instytutu Północnego, ul. Partyzantów 87, 10-402 Olsztyn, email: biblioteka(at)ip.olsztyn.pl